Municipalities Of Pelagonia Statistical Region - Statistics

General Stats
  • This quiz has been taken 12 times
  • The average score is 6 of 9
Answer Stats
Hint Answer % Correct
Битола Bitola
83%
Демир Хисар Demir Hisar
83%
Ресен Resen
83%
Долнени Dolneni
67%
Крушево Kruševo
50%
Могила Mogila
50%
Новаци Novaci
50%
Прилеп Prilep
50%
Кривогаштани Krivogaštani
33%
No matching quizzes found
Score Distribution
Percent of People with Each Score
Percentile by Number Answered
Your Score History
You have not taken this quiz